[Event "Meudon op"]
[Site "Meudon"]
[Date "1990.??.??"]
[Round "6"]
[White "Arino, Franck"]
[Black "Fayard, Alain"]
[Result "0-1"]
[WhiteElo "2060"]
[BlackElo "2275"]
[PlyCount "78"]
[EventDate "1990.??.??"]
[EventType "swiss"]
[EventRounds "7"]
[EventCountry "FRA"]
[SourceTitle "EXT 1999"]
[Source "ChessBase"]
[SourceDate "1998.11.16"]
[SourceVersion "1"]
[SourceVersionDate "1998.11.16"]
[SourceQuality "1"]

1. d4 d5 2. c4 dxc4 3. e4 c5 4. d5 Nf6 5. f3 e6 6. Nc3 exd5 7. exd5 Bd6 8. Bxc4 0-0 9. Nge2 Nbd7 10. Bg5 a6 11. a4 Qc7 12. Qd2 Re8 13. Kf2 Ne5 14. b3 Nfd7 15. Nd1 h6 16. Bh4 Rb8 17. a5 b5 18. axb6 Rxb6 19. Bg3 Nf6 20. Ndc3 Nxc4 21. bxc4 Bf5 22. Bxd6 Qxd6 23. Ng3 Bg6 24. Ra4 Reb8 25. Ra2 Rb4 26. Rha1 Rxc4 27. Rxa6 Qe5 28. Nge2 Qxh2 29. Ra8 Rcb4 30. d6 Bf5 31. Ng3 Qh4 32. Nce2 Rxa8 33. Rxa8+ Kh7 34. Qe3 Nd7 35. Qe8 Rb2 36. Qe3 c4 37. Ra4 Bd3 38. Kg1 Rxe2 39. Nxe2 Qe1+ 0-1

[Event "Meudon op"]
[Site "Meudon"]
[Date "1990.??.??"]
[Round "3"]
[White "Pira, Davoud"]
[Black "Arino, Franck"]
[Result "1-0"]
[WhiteElo "2330"]
[BlackElo "2060"]
[PlyCount "41"]
[EventDate "1990.??.??"]
[EventType "swiss"]
[EventRounds "7"]
[EventCountry "FRA"]
[SourceTitle "EXT 1999"]
[Source "ChessBase"]
[SourceDate "1998.11.16"]
[SourceVersion "1"]
[SourceVersionDate "1998.11.16"]
[SourceQuality "1"]

1. d4 Nf6 2. Nf3 g6 3. Nc3 d5 4. Bf4 Bg7 5. e3 0-0 6. Be2 c6 7. h3 Nbd7 8. Ne5 Ne8 9. Nxd7 Bxd7 10. h4 f6 11. Bg3 e5 12. h5 Qe7 13. hxg6 hxg6 14. Qd2 Nd6 15. 0-0-0 e4 16. Bxd6 Qxd6 17. Na4 b6 18. Kb1 f5 19. f4 c5 20. dxc5 bxc5 21. Bc4 1-0